000
00261nam a22001217a 4500
082
_a
827
_b
ALL/G
100
_a
ALLEN, FRANK
245
_a
GREAT FUNNY ONE LINERS
260
_a
MUMBAI
_b
JAICO PUBLISING HOUSE
300
_a
30
650
_a
JOKES
_z
INDIA
942
_c
BK
999
_c
5702
_d
5702